[Event "White Nights"]
[Site "St Petersburg RUS"]
[Date "2007.07.02"]
[Round "8"]
[White "Tukan,E"]
[Black "Zhuravlev,M"]
[Result "0-1"]
[WhiteElo "1991"]
[BlackElo "2006"]

1.d4 Nf6 2.c4 Nc6 3.Nf3 e6 4.Nc3 Bb4 5.e3 d6 6.Bd3 Qe7 7.O-O Bxc3 8.bxc3 e5
9.Nd2 e4 10.Be2 O-O 11.Ba3 b6 12.Re1 Bf5 13.Nf1 Na5 14.Ng3 Be6 15.d5 Bc8
16.Qd4 g6 17.Rf1 Re8 18.Bb4 Nb7 19.Rae1 Nd7 20.f3 Ndc5 21.Bxc5 Nxc5 22.fxe4 Nxe4
23.Nxe4 Qxe4 24.Bd3 Qe5 25.Rf4 Bd7 26.Re4 Qg7 27.Bc2 Rxe4 28.Bxe4 Re8 29.Bd3 Re5
30.Rf1 f6 31.Qf4 Qe7 32.Rf3 Kg7 33.Kf2 Bf5 34.Bxf5 Rxf5 35.Qg4 Re5 36.Qd4 Re4
37.Qd3 Qe5 38.g3 g5 39.a3 h5 40.a4 a5 41.Ke2 f5 42.Kd2 Kg6 43.Rf2 h4 44.Rf3 hxg3
45.hxg3 Rg4 46.Kc2 Rxg3 47.Rxg3 Qxg3 48.Qd4 Qe5 49.Kd3 Qxd4+ 50.cxd4 g4 51.c5 Kg5
52.cxd6 cxd6 53.e4 fxe4+ 54.Kxe4 g3  0-1

[Event "6th Open"]
[Site "La Fere FRA"]
[Date "2007.07.08"]
[Round "2"]
[White "Dagnicourt,F"]
[Black "Lonnoy,R"]
[Result "1/2-1/2"]
[WhiteElo "1787"]
[BlackElo "1980"]


1.d4 Nf6 2.c4 Nc6 3.Nf3 e6 4.e3 Bb4+ 5.Bd2 Bxd2+ 6.Nbxd2 d6 7.Be2 e5 8.d5 Ne7
9.Qc2 O-O 10.h3 Ng6 11.Bd3 b6 12.g4 Nd7 13.h4 Nc5 14.Bf5 Qf6 15.Ne4 Nxe4
16.Qxe4 Bxf5 17.Qxf5 e4 18.Qxf6 gxf6 19.h5 exf3 20.hxg6 hxg6 21.Rh3 Kg7 22.Kd2 Rh8
23.Rah1 Rxh3 24.Rxh3 b5 25.Kc3 Rb8 26.cxb5 Rxb5 27.e4 Rc5+ 28.Kd3 f5 29.gxf5 gxf5
30.Rxf3 fxe4+ 31.Kxe4 Rc2 32.Rc3 Rxb2 33.Rxc7 Rxa2 34.Rc6 Rxf2 35.Rxd6 a5
36.Ra6 Ra2 37.Ke5 Re2+ 38.Kd6 f5 39.Rxa5 f4 40.Ra1 f3 41.Rf1 f2 42.Kd7 Kf7
43.d6 Rd2 44.Rh1 Kf6 45.Rf1  1/2-1/2

[Event "Spring A"]
[Site "Volodarskij RUS"]
[Date "2007.07.08"]
[Round "15"]
[White "Zorin,An RUS"]
[Black "Boiko,V"]
[Result "0-1"]
[WhiteElo "2292"]
[BlackElo "2308"]

1.d4 Nf6 2.c4 Nc6 3.Nf3 e6 4.a3 d6 5.Nc3 g6 6.e4 Bg7 7.Be2 O-O 8.O-O Re8
9.h3 e5 10.d5 Nd4 11.Nxd4 exd4 12.Nb5 Rxe4 13.Nxd4 Nxd5 14.Nf3 Nf4 15.Bxf4 Rxf4
16.Qd2 Qf6 17.Rab1 Bd7 18.b4 Re8 19.Rfe1 Rfe4 20.Bf1 a6 21.Rxe4 Rxe4 22.Re1 Rxe1
23.Qxe1 Qe6 24.Qxe6 fxe6 25.Bd3 Bb2 26.b5 Bxa3 27.bxa6 bxa6 28.Kf1 a5 29.Ke2 a4
30.Kd2 Bc5 31.Ke2 Bc6  0-1

[Event "XXX Open"]
[Site "Barbera del Valles ESP"]
[Date "2007.07.09"]
[Round "4"]
[White "Moreto Quintana,A"]
[Black "Molano Lafuente,I"]
[Result "1-0"]
[WhiteElo "2153"]
[BlackElo "1951"]

1.d4 Nf6 2.c4 Nc6 3.Nf3 e6 4.a3 d6 5.Nc3 g6 6.h3 Bg7 7.Bf4 Qe7 8.Bh2 O-O
9.e3 Nd7 10.Be2 e5 11.d5 Ncb8 12.b4 b6 13.Rc1 f5 14.Nb5 Qd8 15.Qa4 a6 16.Rc2 Bb7
17.Nc3 a5 18.Qb3 axb4 19.axb4 Ra1+ 20.Bd1 e4 21.Nd4 Bxd4 22.exd4 e3 23.fxe3 Qh4+
24.Rf2 Re8 25.Ne2 Nf6 26.O-O b5 27.Nf4 g5 28.Ne6 bxc4 29.Qb2 Rxd1 30.Rxd1 Bxd5
31.Nxc7 Rxe3 32.Nxd5 Nxd5 33.Bxd6 Nd7 34.Rxf5 Rb3 35.Qf2  1-0

[Event "XXX Open"]
[Site "Barbera del Valles ESP"]
[Date "2007.07.10"]
[Round "5"]
[White "Castro Exposito,C"]
[Black "Molano Lafuente,I"]
[Result "0-1"]
[WhiteElo "1916"]
[BlackElo "1951"]

1.d4 Nf6 2.c4 Nc6 3.Nf3 e6 4.Bf4 Bb4+ 5.Nc3 d6 6.e3 Qe7 7.a3 Bxc3+ 8.bxc3 O-O
9.Be2 e5 10.Bg5 h6 11.Bh4 g5 12.Bg3 Ne4 13.Rc1 f5 14.Bd3 Nf6 15.h4 e4 16.hxg5 Ng4
17.Nh4 exd3 18.Qxd3 Kg7 19.gxh6+ Kh7 20.Nf3 Rg8 21.Bh4 Qe8 22.Ng5+ Kxh6 23.f4 Kg6
24.Kd2 Na5 25.Rce1 Qa4 26.e4 Nxc4+ 27.Ke2 Nb2 28.Qb1 Qc4+ 29.Kd2 Na4 30.Qc2 Re8
31.e5 c5 32.Nf3 dxe5 33.fxe5 Be6 34.Bg3 cxd4 35.Nh4+ Kf7 36.Nxf5 Qxc3+ 37.Qxc3 dxc3+
38.Kc1 Bxf5 39.Ref1 Kg6 40.Rf4 Nc5  0-1

[Event "ch-ITA U20"]
[Site "Fiuggi ITA"]
[Date "2007.07.21"]
[Round "4"]
[White "Bove,A"]
[Black "Stella,A"]
[Result "1/2-1/2"]
[WhiteElo "2173"]
[BlackElo "2114"]

1.d4 Nf6 2.c4 Nc6 3.Nc3 e5 4.d5 Ne7 5.e4 Ng6 6.h4 h5 7.Bg5 Bc5 8.Be2 c6 9.Bf3 d6
10.Kf1 Qb6 11.Na4 Qa5 12.Nxc5 Qxc5 13.Qe2 cxd5 14.cxd5  1/2-1/2

[Event "33rd Open"]
[Site "Sitges ESP"]
[Date "2007.07.21"]
[Round "4"]
[White "Czakon,J"]
[Black "Tallo Dominguez,I"]
[Result "1-0"]
[WhiteElo "2505"]
[BlackElo "1993"]

1.d4 Nf6 2.c4 Nc6 3.Nf3 e6 4.Nc3 Bb4 5.Qc2 d6 6.Bd2 O-O 7.a3 Bxc3 8.Bxc3 Re8
9.g3 Bd7 10.Bg2 Ne7 11.e4 Bc6 12.Nd2 Ng6 13.O-O e5 14.d5 Bd7 15.Rfe1 Qc8
16.Nf1 Bh3 17.Bf3 Bg4 18.Bh1 h5 19.h4 Bd7 20.Bd2 Ng4 21.c5 f5 22.Rac1 Rf8
23.cxd6 cxd6 24.Qc7 Qxc7 25.Rxc7 Bb5 26.exf5 Rxf5 27.f3 Raf8 28.Bg2 Bxf1
29.Rxf1 Nh6 30.Rxb7 R5f7 31.Rxf7 Nxf7 32.Bh3 Rb8 33.b4 Ne7 34.Be6 Kf8 35.f4 e4
36.f5 Ng8 37.Rc1 Ne5 38.Bf4 Nf6 39.Rc7  1-0

[Event "Sun Pawn B"]
[Site "Ilichevsk UKR"]
[Date "2007.07.22"]
[Round "3"]
[White "Bogdanovich,S"]
[Black "Romcovici,V"]
[Result "1-0"]
[WhiteElo "2217"]
[BlackElo "2232"]

1.d4 Nf6 2.c4 Nc6 3.d5 Ne5 4.e4 e6 5.f4 Bb4+ 6.Bd2 Nxe4 7.Bxb4 Qh4+ 8.g3 Nxg3
9.hxg3 Qxh1 10.fxe5 Qxg1 11.Qd3 exd5 12.Nc3 dxc4 13.Qf3 Qb6 14.Nd5 Qc6 15.Rc1 b5
16.Nxc7+ Qxc7 17.Qxa8 Qxe5+ 18.Kd1 Kd8 19.Rc2 Qc7 20.Bh3 g6 21.Re2 Qb6 22.Bxd7 Kc7
23.Bxc8 Rd8+ 24.Kc2  1-0

[Event "Sun Pawn Open"]
[Site "Ilichevsk UKR"]
[Date "2007.07.24"]
[Round "5"]
[White "Aliferenko,A"]
[Black "Khaetsky,R"]
[Result "1/2-1/2"]
[WhiteElo "2256"]
[BlackElo "2379"]

1.d4 Nf6 2.c4 Nc6 3.Nf3 e6 4.g3 Bb4+ 5.Bd2 Bxd2+ 6.Qxd2 d6 7.Nc3 O-O 8.Bg2 e5
9.O-O Bg4 10.d5 Bxf3 11.Bxf3 Ne7 12.Bg2 Ng6 13.b4 Nd7 14.e4 h6 15.Na4 Nb6
16.Nb2 Ne7 17.c5 Nd7 18.cxd6 cxd6 19.Nc4 Nb6 20.Ne3 f5 21.exf5 Nxf5 22.Nxf5 Rxf5
23.a4 a5 24.bxa5 Nd7 25.Bh3 Rf6 26.Bxd7 Qxd7 27.Qb4 Qc7 28.Rfb1 Rf7 29.Rc1 Qxa5
30.Qxd6 Rxf2  1/2-1/2

[Event "MTO"]
[Site "Biel SUI"]
[Date "2007.07.28"]
[Round "6"]
[White "Suvrajit,S"]
[Black "Hausrath,D"]
[Result "1-0"]
[WhiteElo "2405"]
[BlackElo "2494"]

1.d4 Nf6 2.c4 Nc6 3.Nf3 e6 4.e3 Bb4+ 5.Bd2 Bxd2+ 6.Qxd2 O-O 7.Nc3 d6 8.Be2 e5
9.d5 Ne7 10.O-O Ng6 11.b4 a5 12.a3 Ng4 13.c5 f5 14.cxd6 cxd6 15.Nb5 Bd7 16.Nxd6 Qb8
17.h3 e4 18.Nd4 Qxd6 19.hxg4 fxg4 20.bxa5 Nh4 21.Qb4 Qg6 22.g3 Nf3+ 23.Kg2 Qh5
24.Rh1 Qf7 25.Raf1 Rac8 26.Bd1 Rc1 27.Ne6 Rfc8 28.Qxe4 h5 29.Bxf3 R1c4 30.Nd4 Rxd4
31.exd4 Re8 32.Qf4 gxf3+ 33.Qxf3 Bf5 34.Qxh5 Qxd5+ 35.Kg1 Re6 36.Rh4 Rf6
37.Re1  1-0

[Event "12th Open"]
[Site "Creon FRA"]
[Date "2007.07.31"]
[Round "3"]
[White "Nguyen Chi Minh"]
[Black "Ippolito,M"]
[Result "1-0"]
[WhiteElo "2377"]
[BlackElo "2280"]

1.d4 Nf6 2.c4 Nc6 3.Nf3 e6 4.a3 d6 5.Nc3 g6 6.b4 a6 7.Bb2 Bg7 8.e3 O-O 9.Be2 e5
10.O-O exd4 11.Nxd4 Ne5 12.h3 Qe7 13.Qb3 Bd7 14.Nf3 Bc6 15.Nxe5 dxe5 16.a4 Rfd8
17.b5 Be4 18.Rfd1 axb5 19.cxb5 c5 20.Bc4 Rd7 21.a5 Rxd1+ 22.Qxd1 Rd8 23.Qb3 h5
24.Rd1 Rxd1+ 25.Qxd1 Bf5 26.a6  1-0

[Event "US Open"]
[Site "Cherry Hill USA"]
[Date "2007.08.01"]
[Round "5"]
[White "Rodriguez,Er"]
[Black "Bartell,T"]
[Result "1/2-1/2"]
[WhiteElo "2259"]
[BlackElo "2398"]

1.d4 Nf6 2.c4 Nc6 3.Nf3 e6 4.g3 Bb4+ 5.Bd2 Qe7 6.Bg2 Bxd2+ 7.Nbxd2 d6 8.O-O a5
9.e4 e5 10.d5 Nb8 11.Ne1 O-O 12.Nd3 Na6 13.f4 Nd7 14.f5 f6 15.a3 Nac5 16.Nxc5 Nxc5
17.b4 Na6 18.Nb3 axb4 19.axb4 Bd7 20.b5 Nc5 21.Nxc5 dxc5 22.Qd2 Rfd8  1/2-1/2

[Event "Petrovskaya Ladya IM1"]
[Site "Peterhof RUS"]
[Date "2007.08.07"]
[Round "2"]
[White "Gavrilov,O"]
[Black "Romcovici,V"]
[Result "1-0"]
[WhiteElo "2320"]
[BlackElo "2232"]

1.d4 Nf6 2.c4 Nc6 3.Nf3 e6 4.Bg5 Bb4+ 5.Nc3 h6 6.Bxf6 Qxf6 7.Rc1 d6 8.d5 Bxc3+
9.Rxc3 Ne5 10.Nd4 O-O 11.g3 Ng4 12.f3 Ne5 13.Bg2 Ng6 14.dxe6 fxe6 15.O-O e5
16.Nb5 Qd8 17.Rd3 Be6 18.b3 a6 19.Nc3 Qg5 20.Qd2 Qh5 21.Rf2 Rae8 22.e4 Rf7
23.f4 exf4 24.gxf4 Nh4 25.Kh1 Ref8 26.f5 g6 27.Rg3 Kh7 28.Ne2 g5 29.Nd4 Bc8
30.Bf3 Nxf3 31.Nxf3 Rg7 32.Qd3 Rf6 33.h3 Qe8 34.Nd2 h5 35.Qe3 Qg8 36.Rfg2 g4
37.hxg4 h4 38.Rh3 Rh6 39.g5 Rh5 40.g6+ Kh8 41.Qf4 Qd8 42.Nf3 Qf6 43.Rxh4 Rxh4+
44.Qxh4+ Qxh4+ 45.Nxh4 Re7 46.f6  1-0

[Event "17th Chess Festival"]
[Site "Abu Dhabi UAE"]
[Date "2007.08.16"]
[Round "5"]
[White "Yahya,M"]
[Black "Akshat,K"]
[Result "0-1"]
[WhiteElo "2142"]
[BlackElo "2339"]

1.d4 Nf6 2.c4 Nc6 3.Nc3 e5 4.d5 Ne7 5.e4 Ng6 6.Be3 Bb4 7.Bd3 Bxc3+ 8.bxc3 d6
9.f3 O-O 10.Ne2 Nd7 11.O-O Nc5 12.g4 b6 13.a4 a5 14.Ra2 Qh4 15.Qd2 h5 16.Bg5 Qh3
17.gxh5 Qxh5 18.Ng3 Qh3 19.Rf2 Nxd3 20.Qxd3 f6 21.Be3 Kf7 22.f4 exf4 23.Bxf4 Rh8
24.e5 dxe5 25.Be3 Qg4 26.d6 Bb7 27.Qf5 Qxg3+  0-1

[Event "ch-FRA"]
[Site "Aix-les-Bains FRA"]
[Date "2007.08.17"]
[Round "5"]
[White "Guidarelli,L"]
[Black "Bauer,Ch"]
[Result "0-1"]
[WhiteElo "2450"]
[BlackElo "2626"]

1.d4 Nf6 2.c4 Nc6 3.Nf3 e6 4.a3 d6 5.Nc3 g6 6.e4 Bg7 7.Be2 O-O 8.O-O Re8
9.Re1 h6 10.Bf1 e5 11.d5 Nd4 12.h3 c5 13.b4 b6 14.Nb5 a6 15.Nbxd4 exd4 16.e5 dxe5
17.Nxe5 Bf5 18.bxc5 bxc5 19.Bf4 Ne4 20.Nc6 Qf6 21.f3 Nc3 22.Qd2 g5 23.Be5 Qg6
24.g4 Bxe5 25.Nxe5 Qf6 26.Qh2 Be4 27.Nd7 Qxf3 28.Nxc5 d3 29.Nxe4 Rxe4 30.Qf2 Qxf2+
31.Kxf2 Rxc4 32.Bxd3 Rd4 33.Bf1 Rd2+ 34.Kg1 a5 35.Rac1 Nxd5 36.Rcd1 Rxd1
37.Rxd1 Nf4 38.Rd7 Rc8 39.Ra7 Rc5 40.a4 Kg7 41.Ra6 Rc3 42.Rxa5 Nxh3+ 43.Bxh3 Rxh3
44.Kg2 Rh4 45.Kg3 Kg6 46.Ra6+ f6 47.Rb6 h5 48.gxh5+ Rxh5 49.Rb1 Rh7 50.a5 Ra7
51.Ra1 Ra6 52.Ra2 f5 53.Ra1 Kf6 54.Kf3 Ke5 55.Ke3 f4+ 56.Kf3 Kf5 57.Kf2 g4
58.Kg2 Ke5 59.Kf2 Kf5 60.Kg2 Kg5 61.Kf2 f3 62.Ra3 Rc6 63.Ra2 Rh6 64.Ke3 Re6+
65.Kf2 Ra6 66.Ra3 Kh4 67.Ra1 Rf6 68.Rh1+ Kg5 69.Kg3 Rc6 70.Rh8 Rc2 71.Rg8+ Kf5
72.a6 Rg2+ 73.Kh4 Rh2+ 74.Kg3 Rh3+ 75.Kf2 Rh7 76.Kg3 Ke4 77.Kxg4 f2 78.Rf8 Rg7+
79.Kh3 Ke3 80.Kh2 Ke2 81.Re8+ Kf1 82.Rh8 Re7 83.Rb8 Rh7+ 84.Kg3 Kg1 85.Rb7 f1=Q
86.Rxh7 Qd3+  0-1

[Event "Acropolis Open"]
[Site "Athens GRE"]
[Date "2007.08.22"]
[Round "9"]
[White "Papadopoulou,V"]
[Black "Kotrotsos,V"]
[Result "1/2-1/2"]
[WhiteElo "2192"]
[BlackElo "2337"]

1.d4 Nf6 2.c4 Nc6 3.Nf3 e6 4.a3 d6 5.Nc3 g6 6.Bg5 Bg7 7.e4 h6 8.Bh4 g5 9.Bg3 Nh5
10.h3 Nxg3 11.fxg3 Bd7 12.Be2 Qf6 13.Nb5 Rc8 14.O-O Qe7 15.Qd2 a6 16.Nc3 O-O
17.Rae1 Rce8 18.Bd1 e5 19.d5 Nd4 20.g4 c5 21.Ne2 b5 22.b3 Rb8 23.Ng3 Rb6
24.Rf2 Ra8 25.Qa5 Rb7 26.Ref1 Qd8 27.Qxd8+ Rxd8 28.Nxd4 exd4 29.Rxf7 Rf8
30.Rxf8+ Bxf8 31.Nh5 Bg7 32.Nxg7 Kxg7 33.Kf2 bxc4 34.bxc4 Rb2+ 35.Kg3 Rb1
36.Be2 Rxf1 37.Bxf1 Kf6 38.Bd3 Ke5 39.Kf3 Be8 40.Kg3 Bg6 41.Kf3 Bh7 42.Bc2 Bg6
43.Bd3 a5 44.g3 Bh7 45.Bc2 Bg8 46.Bd3 Bf7 47.Kf2 Bg6 48.Kf3 Bh7 49.Bc2 d3
50.Bxd3 Bg6 51.Ke3 Be8 52.Bc2 Bd7  1/2-1/2

[Event "XIX Open"]
[Site "Porto San Giorgio ITA"]
[Date "2007.08.24"]
[Round "4"]
[White "Komarov,D"]
[Black "Tomescu,V"]
[Result "1/2-1/2"]
[WhiteElo "2550"]
[BlackElo "2407"]

1.d4 Nf6 2.c4 Nc6 3.Nf3 e6 4.g3 Bb4+ 5.Bd2 Qe7 6.Nc3 O-O 7.Bg2 d6 8.d5 Nb8
9.dxe6 fxe6 10.a3 Bxc3 11.Bxc3 Ne4 12.Rc1 a5 13.Bd4 a4 14.Nd2 Nf6 15.Ne4 Nc6
16.Bxf6 gxf6 17.Nc3 Bd7 18.Nxa4 Ne5 19.Nc3 Bc6 20.Bxc6 bxc6 21.Nb1 Rfb8 22.Rc2 c5
23.O-O Rb6 24.Nd2 Qf8 25.Nf3 Nc6 26.Qc1 Rab8 27.Rd1 R8b7 28.b4 cxb4 29.c5 dxc5
30.axb4 Nxb4 31.Rxc5 Nd3 32.Rg5+ fxg5 33.Qxg5+ Qg7 34.Qd8+  1/2-1/2

[Event "LNA Copa Puma"]
[Site "Argentina ARG"]
[Date "2007.09.01"]
[Round "4"]
[White "Bernal,G"]
[Black "Bulcourf,C"]
[Result "1/2-1/2"]
[WhiteElo "2107"]
[BlackElo "2167"]

1.d4 Nf6 2.c4 Nc6 3.Nf3 e5 4.d5 e4 5.dxc6 exf3 6.cxb7 Bxb7 7.exf3 Bb4+ 8.Bd2 Qe7+
9.Qe2 a5 10.Qxe7+ Kxe7 11.Nc3 d5 12.O-O-O d4 13.Nb5 Bxd2+ 14.Rxd2 c5 15.Bd3 Ra6
16.Re1+ Re6 17.Rde2 g6 18.Rxe6+ fxe6 19.Nc7 Bc8 20.f4 Ne8 21.Nxe8 Rxe8 22.Re5 Kd6
23.h4 Rf8 24.g3 Bd7 25.Kd2 Rb8 26.Kc2 Ba4+ 27.Kc1 Rf8 28.h5 Be8 29.a3 gxh5
30.b4 axb4 31.axb4 cxb4 32.c5+ Kc6 33.Bxh7 h4 34.Be4+ Kd7 35.f5 exf5 36.Bxf5+ Kc6
37.gxh4 Bd7 38.Be4+ Kc7 39.f3 Bc6 40.Re7+ Kd8 41.Re5 Bxe4 42.fxe4 Kc7 43.Kc2 Rf3
44.Rd5 Kc6 45.Rxd4 Kxc5 46.Rd8 Rh3 47.Rd5+ Kc4 48.h5 Rh2+ 49.Kb1 Kc3 50.Rc5+ Kb3
51.Kc1 Re2 52.h6 Rxe4 53.Rh5 Re1+ 54.Kd2 Re8 55.h7 Rh8 56.Rh3+ Kb2 57.Kd3 b3
58.Kc4 Rc8+ 59.Kb4 Rb8+ 60.Kc4  1/2-1/2

[Event "Open"]
[Site "Liverpool ENG"]
[Date "2007.09.03"]
[Round "2"]
[White "Gormally,D"]
[Black "Carleton,J"]
[Result "1-0"]
[WhiteElo "2509"]
[BlackElo "2322"]

1.d4 Nf6 2.c4 Nc6 3.Nc3 e5 4.d5 Ne7 5.h4 Neg8 6.Nf3 e4 7.Ng5 Bb4 8.Bd2 Bxc3
9.Bxc3 h6 10.Nh3 e3 11.Qd4 exf2+ 12.Nxf2 d6 13.g4 Ne7 14.O-O-O Ng6 15.g5 Nh5
16.Rg1 Qe7 17.Nd3 b6 18.Re1 Bd7 19.e4 Nxh4 20.Qf2 hxg5 21.e5 O-O-O 22.Bb4 c5
23.dxc6 Bxc6 24.Bxd6 Qd7 25.c5 b5 26.e6 fxe6 27.Ne5 Qe8 28.Rxg5 Nf5 29.Rxf5 exf5
30.Nxc6 Qxc6 31.Bg2 Nf4 32.Bxc6 Nd3+ 33.Kc2 Nxf2 34.Re7 Rxd6 35.cxd6 Rd8
36.Rc7+ Kb8 37.Rb7+  1-0

[Event "17th ch-EU U16 Girls"]
[Site "Sibenik CRO"]
[Date "2007.09.14"]
[Round "1"]
[White "Tsatsalashvili,K"]
[Black "Deur,Z"]
[Result "1/2-1/2"]
[WhiteElo "2181"]
[BlackElo "1943"]

1.d4 Nf6 2.c4 Nc6 3.Nf3 e6 4.Bg5 Bb4+ 5.Nbd2 h6 6.Bxf6 Qxf6 7.e3 O-O 8.Bd3 d6
9.O-O Bxd2 10.Qxd2 e5 11.d5 Ne7 12.Ne1 Bf5 13.f4 e4 14.Be2 Qg6 15.Kh1 Bd7
16.Nc2 f5 17.Nd4 Qf6 18.Rg1 g5 19.g3 g4 20.Rac1 Kh7 21.Nb3 h5 22.Qd4 Qf7
23.Rcd1 h4 24.Kg2 b6 25.Rh1 Rg8 26.Kf2 Rg6 27.Rdg1 Rh6 28.Ke1 Rg8 29.h3 gxh3
30.Rxh3 Rxg3 31.Rgxg3 hxg3 32.Rxg3 Ng8 33.Nd2 Qf6 34.Qxf6 Nxf6 35.Nf1 c6
36.dxc6 Bxc6 37.Rg5 Bd7 38.Ng3 Rg6 39.Nh5 Nxh5 40.Rxh5+ Kg7 41.Bf1 Be6 42.Kf2 Rh6
43.Rg5+ Rg6 44.Rxg6+ Kxg6 45.Be2 Bf7 46.Kg3 Bg8 47.Kh4 Kh6 48.b3 Bf7 49.Bd1 Be8
50.Be2 Bf7 51.Bf1 Bg8 52.Be2  1/2-1/2

[Event "4NCL"]
[Site "Sunningdale ENG"]
[Date "2007.09.16"]
[Round "2"]
[White "Richardson,Joh"]
[Black "Carleton,J"]
[Result "1/2-1/2"]
[WhiteElo "2298"]
[BlackElo "2316"]

1.d4 Nf6 2.c4 Nc6 3.Nf3 e6 4.Nc3 Bb4 5.Bg5 h6 6.Bh4 g5 7.Bg3 Ne4 8.Qd3 d5
9.e3 h5 10.Ne5 h4 11.Nxc6 Bxc3+ 12.bxc3 Qf6 13.Bf4 bxc6 14.f3 gxf4 15.fxe4 Ba6
16.e5 Qg5 17.exf4 Qxf4 18.Qf3 Qxf3 19.gxf3 Rb8 20.cxd5 Bxf1 21.Rxf1 cxd5
22.O-O-O Ke7 23.Rg1 Rb6 24.Rg4 Rhb8 25.Rxh4 Rb1+ 26.Kd2 R8b2+ 27.Ke1 Rxd1+
28.Kxd1 Rxa2 29.Rh8 a5 30.h4 Rf2 31.h5 a4 32.h6 a3 33.h7 a2 34.Ra8 Rh2 35.Rxa2 Rxh7  1/2-1/2

[Event "17th ch-EU U18 Boys"]
[Site "Sibenik CRO"]
[Date "2007.09.20"]
[Round "7"]
[White "Okrosa,M"]
[Black "Bizopoulos,A"]
[Result "1-0"]
[WhiteElo "2012"]
[BlackElo "2075"]

1.d4 Nf6 2.c4 Nc6 3.Nc3 e5 4.dxe5 Nxe5 5.e4 Bc5 6.Be2 O-O 7.Nf3 Neg4 8.Nd4 Nxf2
9.Kxf2 Nxe4+ 10.Nxe4 Qh4+ 11.g3 Qxe4 12.Be3 Re8 13.Qd3 Qe5 14.a3 d5 15.cxd5 Qxd5
16.Nc2 Qc6 17.Qc3 Bxe3+ 18.Nxe3 Qb6 19.Bf3 Bf5 20.Rad1 Be4 21.Qd4 Qg6 22.Bxe4 Rxe4
23.Qd8+ Re8 24.Qh4 Qe6 25.Qd4 Qh6 26.Nf5 Qg6 27.Nh4 Qg5 28.Rhe1 Red8 29.Qe5 Qxe5
30.Rxd8+ Rxd8 31.Rxe5 Kf8 32.Ke2 Rd6 33.Rc5 c6 34.Rc3 Re6+ 35.Re3 Rd6 36.Rd3 Re6+
37.Kf2 Re5 38.Rb3 b5 39.Rd3 Ke7 40.Re3 Ke6 41.Nf3 Rxe3 42.Kxe3 f6 43.Kd4 Kf5
44.b4 h5 45.Ke3 Ke6 46.Ke4 f5+ 47.Kd4 Kf6 48.Ne5 g5 49.Nxc6 h4 50.gxh4 gxh4
51.Ke3 Kg5 52.Kf3 a6 53.Nb8  1-0

[Event "6th ch-Asia"]
[Site "Cebu City PHI"]
[Date "2007.09.24"]
[Round "6"]
[White "Nguyen Anh Dung"]
[Black "Sadorra,J"]
[Result "0-1"]
[WhiteElo "2537"]
[BlackElo "2421"]

1.d4 Nf6 2.c4 Nc6 3.Nf3 e6 4.Nc3 Bb4 5.Qc2 d6 6.Bd2 O-O 7.a3 Bxc3 8.Bxc3 Qe7
9.e3 e5 10.d5 Nb8 11.Be2 a5 12.b3 Bg4 13.O-O Bh5 14.e4 Bg6 15.Bd3 Nh5 16.g3 Nf6
17.Nh4 c6 18.b4 a4 19.Rad1 Rc8 20.dxc6 Nxc6 21.Nxg6 hxg6 22.f3 g5 23.Qe2 Nd7
24.Qe3 Nf8 25.f4 gxf4 26.gxf4 exf4 27.Qxf4 Ng6 28.Qg3 Nce5 29.Ba1 Nxc4 30.Bb1 Nge5
31.Rf2 Rc7 32.Rdf1 Qe6 33.Ba2 b5 34.Rf5 Re8 35.Bxe5 dxe5 36.Kh1 Qc6 37.Qf3 Ree7
38.Rf2 Nd6 39.Bd5 Qc1+ 40.Rf1 Nxf5 41.exf5 Qg5 42.f6 Qxf6 43.Qe2 Qb6 44.Rg1 g6
45.h4 Qd4 46.Rxg6+ Kf8 47.Rd6 Rc1+ 48.Kg2 Qxh4  0-1

[Event "George Trundle NZ IM"]
[Site "Auckland NZL"]
[Date "2007.09.25"]
[Round "4"]
[White "Conquest,S"]
[Black "Steadman,M"]
[Result "1-0"]
[WhiteElo "2546"]
[BlackElo "2250"]

1.d4 Nf6 2.c4 Nc6 3.Nf3 e6 4.a3 d6 5.Nc3 g6 6.g3 Bg7 7.Bg2 O-O 8.O-O Re8
9.e3 a6 10.Qc2 Bd7 11.Rd1 Rb8 12.b4 d5 13.Bb2 dxc4 14.Na4 b5 15.Nc5 Rb6 16.Ne5 Nb8
17.e4 Bc8 18.a4 Nh5 19.f4 Qe7 20.Bc3 Rd6 21.axb5 axb5 22.Ra7 Red8 23.Qf2 f6
24.Nf3 e5 25.fxe5 fxe5 26.d5 Nc6 27.Raa1 Bg4 28.Nb7 Nd4 29.Nxd8 Rxd8 30.Nxd4 exd4
31.Rxd4 Be5 32.Qe3 Kg7 33.Rd2 Nf6 34.Ra7 Qd6 35.Bxe5 Qxe5 36.Qd4 Nd7 37.Rxc7 Qxd4+
38.Rxd4 Kf6 39.h3 Be2 40.e5+ Kxe5 41.Re4+ Kd6  1-0

[Event "6th ch-Asia"]
[Site "Cebu City PHI"]
[Date "2007.09.25"]
[Round "7"]
[White "Makinano,A"]
[Black "Goh Weiming"]
[Result "0-1"]
[WhiteElo "2317"]
[BlackElo "2388"]

1.d4 Nf6 2.c4 Nc6 3.d5 Ne5 4.Qd4 Ng6 5.e4 e5 6.Qd3 Bc5 7.Nc3 O-O 8.Bg5 Bxf2+
9.Kd1 h6 10.Bd2 d6 11.h3 Nh5 12.Nge2 f5 13.g3 f4 14.g4 Ng3 15.Nxg3 fxg3 16.Ne2 Nh4
17.Rg1 Rf3  0-1

[Event "TCh-HUN 2007-8"]
[Site "Budapest HUN"]
[Date "2007.10.14"]
[Round "1"]
[White "Amstadt,A"]
[Black "Szabo,Le"]
[Result "1-0"]
[WhiteElo "1956"]
[BlackElo "2216"]

1.d4 Nf6 2.c4 Nc6 3.Nf3 e6 4.a3 d6 5.Nc3 g6 6.e4 Bg7 7.Be2 O-O 8.O-O e5 9.d5 Nb8
10.Bg5 h6 11.Bh4 g5 12.Bg3 Ne8 13.Nd2 a5 14.Rb1 f5 15.exf5 Bxf5 16.Nde4 Nf6
17.Bd3 Nxe4 18.Nxe4 Nd7 19.Qc2 a4 20.f3 Bxe4 21.Bxe4 h5 22.Bf5 Kh8 23.Be6 Rf6
24.h4 Bh6 25.c5 gxh4 26.Bxh4 Nxc5 27.f4 Nxe6 28.dxe6 Qf8 29.fxe5 Be3+ 30.Kh2 Bf4+
31.g3 Bxg3+ 32.Kxg3 Qg7+ 33.Kh2 Rxf1 34.Rxf1 Qxe5+ 35.Bg3 Qxe6 36.Qc3+ Kh7
37.Qxc7+ Kh6 38.Re1 Qf6 39.Qc4 Qxb2+ 40.Re2 Qg7 41.Qe4 Qg6 42.Bf4+ Kh7 43.Qxb7+  1-0

[Event "IV Veterans"]
[Site "Calvia ESP"]
[Date "2007.10.18"]
[Round "4"]
[White "Ruiz,JH"]
[Black "Hostalet Ferrer,P"]
[Result "1/2-1/2"]
[WhiteElo "2222"]
[BlackElo "2092"]

1.d4 Nf6 2.c4 Nc6 3.d5 Ne5 4.Qd4 d6 5.f4 c5 6.Qc3 Ned7 7.Qc2 g6 8.e4 Bg7
9.Nf3 O-O 10.Be2 a6 11.a4 Re8 12.O-O e6 13.Nc3 exd5 14.cxd5 Qc7 15.Nd2 Rb8
16.Kh1 c4 17.a5 b5 18.axb6 Nxb6 19.Nf3 Qc5 20.h3 Nh5 21.Kh2 f5 22.e5 dxe5
23.fxe5 Rxe5 24.Rd1 Qd6 25.g3 Nxg3 26.Bf4 Nh5 27.Bxe5 Bxe5+ 28.Nxe5 Qxe5+
29.Kh1 Nf6 30.Bf3 Bb7 31.Qg2 Rd8 32.Re1 Qf4 33.Rad1 Rd6 34.Re7  1/2-1/2

[Event "IV Veterans"]
[Site "Calvia ESP"]
[Date "2007.10.21"]
[Round "7"]
[White "Castan Sanclemente,A"]
[Black "Llado Llompart,S"]
[Result "1-0"]
[WhiteElo "1871"]
[BlackElo "1773"]

1.d4 Nf6 2.c4 Nc6 3.Nc3 e5 4.d5 Ne7 5.Bg5 Ng6 6.e4 Bb4 7.Bd3 O-O 8.Ne2 h6
9.Bd2 a6 10.a3 Bc5 11.b4 Ba7 12.c5 d6 13.Na4 Nd7 14.Rc1 dxc5 15.bxc5 Qe7
16.Bb4 a5 17.Bxa5 Nxc5 18.Bb4 Nxd3+ 19.Qxd3 Bxf2+ 20.Kxf2 Qf6+ 21.Qf3 Qh4+
22.g3 Qh3 23.Qg2 Rxa4 24.Qxh3 Bxh3 25.Bxf8 Kxf8 26.Rxc7 Rxa3 27.Rb1 Ra6 28.Rbxb7 Rf6+
29.Ke3 Kg8 30.Rc6 Rxc6 31.dxc6 Bc8 32.Nc3 Kf8 33.Rb8 Ne7 34.Nd5  1-0

[Event "ch-Euro Blitz"]
[Site "Ajaccio FRA"]
[Date "2007.10.25"]
[Round "8"]
[White "Bareev,E"]
[Black "Riff,JN"]
[Result "1-0"]
[WhiteElo "2653"]
[BlackElo "2474"]

1.d4 Nf6 2.c4 Nc6 3.Nc3 e5 4.d5 Ne7 5.h4 d6 6.e4 Ng6 7.g3 Be7 8.h5 Nf8 9.Be2 h6
10.Be3 N6d7 11.Qd2 Bg5 12.f4 exf4 13.gxf4 Bh4+ 14.Kd1 Bf6 15.Nf3 Qe7 16.Nb5 Nb6
17.e5 dxe5 18.d6 cxd6 19.Nxd6+ Kd8 20.Ng1  1-0

[Event "33rd Fortis Open"]
[Site "Guernsey GCI"]
[Date "2007.10.25"]
[Round "5"]
[White "Epishin,V"]
[Black "Reijneveld,A"]
[Result "1/2-1/2"]
[WhiteElo "2578"]
[BlackElo "2175"]

1.d4 Nf6 2.c4 Nc6 3.Nf3 d6 4.Nc3 e5 5.g3 Bg4 6.d5 Ne7 7.Bg2 Ng6 8.h3 Bd7
9.e4 Be7 10.h4 Bg4 11.Qa4+ Qd7 12.Qb3 b6 13.Nd2 Nh5 14.Nf1 Qd8 15.Ne3 Bc8
16.Qa4+ Bd7 17.Qd1 Nf6 18.h5 Nf8 19.f4 h6 20.Qf3 N8h7 21.Bd2 O-O 22.O-O-O Qc8
23.Kb1 Ng4 24.Ka1 Nxe3 25.Qxe3 Nf6 26.Bf3 Bg4 27.Rdg1 Bxf3 28.Qxf3 Qg4 29.Qf2 Nd7
30.f5 Nc5 31.Rh4 Bxh4 32.gxh4 Qxh5 33.b4 Nd7 34.f6 g6 35.Ne2 Kh7 36.Ng3 Qg4
37.Bxh6 Kxh6 38.Nf5+ gxf5 39.Rxg4 fxg4 40.Qe3+ Kh7 41.Qg5 Nxf6 42.Qf5+ Kg7
43.Qg5+ Kh7 44.Qf5+ Kg7  1/2-1/2

[Event "22nd GP Open A"]
[Site "Le Touquet FRA"]
[Date "2007.10.29"]
[Round "3"]
[White "Battaglini,G"]
[Black "Krasucki,Y"]
[Result "1-0"]
[WhiteElo "2295"]
[BlackElo "2037"]

1.d4 Nf6 2.c4 Nc6 3.Nf3 e6 4.e3 d6 5.Nc3 g6 6.e4 Bg7 7.Be2 O-O 8.O-O Re8
9.Be3 a5 10.Rc1 e5 11.d5 Nd4 12.Nxd4 exd4 13.Bxd4 Nxe4 14.Bxg7 Kxg7 15.Nxe4 Rxe4
16.Bf3 Re5 17.c5 dxc5 18.Rxc5 b6 19.Rc3 Bb7 20.Re1 Qd6 21.Qd4 Re8 22.Rce3 f6
23.Rxe5 fxe5 24.Qc4 Re7 25.h4 h6 26.h5 g5 27.Qe4 Re8 28.Re3 Re7 29.g3 Qf6
30.Bg2 Bc8 31.f4 Qf7 32.fxe5 Qxh5 33.Qd4 Qf7  1-0

[Event "22nd GP Open A"]
[Site "Le Touquet FRA"]
[Date "2007.10.31"]
[Round "7"]
[White "Uhoda,P"]
[Black "Therkildsen,T"]
[Result "0-1"]
[WhiteElo "2111"]
[BlackElo "2298"]

1.d4 Nf6 2.c4 Nc6 3.Nf3 e6 4.Nc3 Bb4 5.g3 O-O 6.Bg2 d6 7.O-O Bxc3 8.bxc3 Na5
9.Qd3 b6 10.Nd2 Rb8 11.Nb3 Ba6 12.Nxa5 bxa5 13.Bc6 Nd7 14.Ba3 Qc8 15.Rab1 Rxb1
16.Rxb1 Rd8 17.Qc2 Nb6 18.c5 Nc4 19.Bc1 dxc5 20.dxc5 Ne5 21.Bg2 Qd7 22.Bf4 Nc4
23.c6 Qe7 24.Rb7 Bxb7 25.cxb7 Nb6 26.c4 e5 27.Bd2 Qa3 28.c5 Nd7 29.Qd3 Qxd3
30.exd3 Nxc5 31.Bxa5 Ne6 32.f4 exf4 33.gxf4 g6 34.d4 Rb8 35.Bc6 Nxd4 36.Bxc7 Nxc6
37.Bxb8 Nxb8 38.Kf2 Kf8 39.Ke3 Ke7 40.Kd4 Kd6 41.h4  0-1

[Event "TCh-HUN 2007-8"]
[Site "Budapest HUN"]
[Date "2007.11.25"]
[Round "3"]
[White "Kerek,C"]
[Black "Meszaros,Gyu"]
[Result "1/2-1/2"]
[WhiteElo "2289"]
[BlackElo "2404"]

1.d4 Nf6 2.c4 Nc6 3.Nf3 e6 4.a3 d6 5.Nc3 Be7 6.e4 e5 7.d5 Nb8 8.h3 a5 9.Be3 O-O
10.Bd3 g6 11.Qd2 Nh5  1/2-1/2